England Women`s squad Euro 2022 - Statistics

General Stats
  • This quiz has been taken 127 times
  • The average score is 20 of 24
Answer Stats
# Position Answer % Correct
1 GK Mary Earps
99%
Coach Sarina Wiegman
97%
23 FW Alessia Russo
96%
7 FW Beth Mead
96%
8 CB/MF Leah Williamson
96%
2 RB Lucy Bronze
96%
20 FW Ella Toone
92%
10 MF/FW Georgia Stanway
92%
13 GK Hannah Hampton
92%
4 MF Keira Walsh
92%
21 GK Ellie Roebuck
91%
6 CB Millie Bright
91%
11 FW Lauren Hemp
86%
16 MF Jill Scott
85%
18 FW Chloe Kelly
81%
9 FW Ellen White
81%
22 CB Lotte Wubben-Moy
81%
3 RB/MF/FW Rachel Daly
81%
5 CB/LB Alex Greenwood
78%
12 LB Jess Carter
73%
19 FW Bethany England
71%
14 MF/FW Fran Kirby
59%
17 FW Nikita Parris
59%
15 LB Demi Stokes
54%
No matching quizzes found
Score Distribution
Percent of People with Each Score
Percentile by Number Answered
Your Score History
You have not taken this quiz